Top 15 Covid-19 getroffen landen - 24 mei - Statistieken

Algemene statistieken
  • Deze quiz is 3 keer genomen
  • De gemiddelde score is 10 van 25
Antwoordstatistieken
land % Correct
China
100%
België
67%
Canada
67%
Duitsland
67%
Frankrijk
67%
India
67%
Rusland
67%
Spanje
67%
Verenigde Staten
67%
Verenigd Koninkrijk
67%
Bahrein
33%
Brazilië
33%
Ierland
33%
Italië
33%
Saoedi-Arabië
33%
Turkije
33%
Wit-Rusland
33%
Zweden
33%
Zwitserland
33%
Chili
0%
Iran
0%
Koeweit
0%
Peru
0%
Qatar
0%
Singapore
0%
Geen overeenkomende quizzen gevonden
Scoreverdeling
Procent van Mensen met Elke Score
Percentiel versus Aantal Correcte Antwoorden
Uw Scoregeschiedenis
U heeft deze quiz nog niet genomen